Počítačová grafika pre ekonómov
Guardado en:
| Autor principal: | |
|---|---|
| Otros Autores: | |
| Formato: | Libro |
| Lenguaje: | eslovaco |
| Publicado: |
Banská Bystrica
Univerzita Mateja Bela v Banskej Bystrici. Ekonomická fakulta
2010
|
| Materias: | |
| Etiquetas: |
Sin Etiquetas, Sea el primero en etiquetar este registro!
|
MARC
| LEADER | 00000nam a2200000 4500 | ||
|---|---|---|---|
| 001 | 0123417 | ||
| 005 | 20240223112021.3 | ||
| 020 | |a 978-80-557-0026-7 | ||
| 041 | 0 | |a slo | |
| 044 | |a SK | ||
| 245 | 1 | 0 | |a Počítačová grafika pre ekonómov |c Peter Laco, Ivan Šamík |
| 264 | 1 | |a Banská Bystrica |b Univerzita Mateja Bela v Banskej Bystrici. Ekonomická fakulta |c 2010 | |
| 300 | |a 102 s. | ||
| 610 | 2 | 0 | |a grafika počítačová |
| 610 | 2 | 0 | |a dizajn |
| 610 | 2 | 0 | |a programy počítačové |
| 610 | 2 | 0 | |a softvér |
| 100 | 1 | |a Laco, Peter | |
| 700 | 1 | |a Šamík, Ivan | |